|
|
|
|
| LEADER |
04808nam a2200493 a 4500 |
| 001 |
00022990 |
| 008 |
110601r20001990enk 000 1 eng |
| 020 |
|
|
|a 9780141182636
|
| 040 |
|
|
|a BD-DhAAL
|c BD-DhAAL.
|
| 082 |
0 |
0 |
|a 813/.52
|2 20
|
| 100 |
1 |
|
|a Fitzgerald, F. Scott
|q (Francis Scott),
|d 1896-1940.
|
| 245 |
1 |
4 |
|a The great Gatsby /
|c F. Scott Fitzgerald.
|
| 260 |
|
|
|a London ;
|a New York :
|b Penguin books,
|c 1990 [Reprinted 2000]
|
| 300 |
|
|
|a lv, 176 p. ;
|c 20 cm.
|
| 490 |
0 |
|
|a Penguin classics.
|
| 541 |
|
|
|e 00022990
|
| 650 |
|
0 |
|a Traffic accidents
|v Fiction.
|
| 650 |
|
0 |
|a Married women
|v Fiction.
|
| 650 |
|
0 |
|a First loves
|v Fiction.
|
| 650 |
|
0 |
|a Rich people
|v Fiction.
|
| 650 |
|
0 |
|a Mistresses
|v Fiction.
|
| 650 |
|
0 |
|a Revenge
|v Fiction.
|
| 852 |
4 |
|
|a Ayesha Abed Library
|j General shelf
|
| 942 |
0 |
0 |
|0 1
|
| 999 |
|
|
|c 10933
|d 10933
|
| 952 |
|
|
|0 0
|1 0
|4 0
|6 813_520000000000000_FIT
|7 0
|9 17008
|a BRACUL
|b BRACUL
|c GEN
|d 2011-06-01
|e Karim International
|g 540.00
|l 3
|m 7
|o 813.52 FIT
|p 3010022990
|r 2017-04-12
|s 2017-03-06
|t 1
|w 2011-06-01
|y BK
|x Available
|
| 952 |
|
|
|0 0
|1 0
|4 0
|6 813_520000000000000_FIT
|7 0
|9 17009
|a BRACUL
|b BRACUL
|c GEN
|d 2011-06-01
|e Karim International
|g 540.00
|l 10
|m 72
|o 813.52 FIT
|p 3010022991
|q 2026-06-02
|r 2026-02-01
|s 2026-02-01
|t 2
|w 2011-06-01
|y BK
|x Available
|
| 952 |
|
|
|0 0
|1 0
|4 0
|6 813_520000000000000_FIT
|7 0
|9 17010
|a BRACUL
|b BRACUL
|c GEN
|d 2011-06-01
|e Karim International
|g 540.00
|l 6
|m 39
|o 813.52 FIT
|p 3010022992
|r 2022-06-26
|s 2019-12-29
|t 3
|w 2011-06-01
|y BK
|x Available
|
| 952 |
|
|
|0 0
|1 0
|4 0
|6 813_520000000000000_FIT
|7 0
|9 17011
|a BRACUL
|b BRACUL
|c GEN
|d 2011-06-01
|e Karim International
|g 540.00
|l 6
|m 56
|o 813.52 FIT
|p 3010022993
|r 2026-03-02
|s 2026-02-02
|t 4
|w 2011-06-01
|y BK
|x Available
|
| 952 |
|
|
|0 0
|1 0
|4 0
|6 813_520000000000000_FIT
|7 0
|9 17012
|a BRACUL
|b BRACUL
|c GEN
|d 2011-06-01
|e Karim International
|g 540.00
|l 12
|m 65
|o 813.52 FIT
|p 3010022994
|r 2024-06-12
|s 2024-06-03
|t 5
|w 2011-06-01
|y BK
|x Available
|
| 952 |
|
|
|0 0
|1 0
|4 0
|6 813_520000000000000_FIT
|7 0
|9 17013
|a BRACUL
|b BRACUL
|c GEN
|d 2011-06-01
|e Karim International
|g 540.00
|l 10
|m 17
|o 813.52 FIT
|p 3010022995
|r 2025-10-18
|s 2024-09-18
|t 6
|w 2011-06-01
|y BK
|x Available
|
| 952 |
|
|
|0 0
|1 0
|4 0
|6 813_520000000000000_FIT
|7 0
|9 17014
|a BRACUL
|b BRACUL
|c GEN
|d 2011-06-01
|e Karim International
|g 540.00
|l 8
|m 23
|o 813.52 FIT
|p 3010022996
|r 2025-11-26
|s 2025-11-04
|t 7
|w 2011-06-01
|y BK
|x Available
|
| 952 |
|
|
|0 0
|1 0
|4 0
|6 813_520000000000000_FIT
|7 0
|9 17015
|a BRACUL
|b BRACUL
|c GEN
|d 2011-06-01
|e Karim International
|g 540.00
|l 4
|m 39
|o 813.52 FIT
|p 3010022997
|r 2022-05-12
|s 2022-03-07
|t 8
|w 2011-06-01
|y BK
|x Available
|
| 952 |
|
|
|0 0
|1 0
|4 0
|6 813_520000000000000_FIT
|7 0
|9 17016
|a BRACUL
|b BRACUL
|c GEN
|d 2011-06-01
|e Karim International
|g 540.00
|l 8
|m 48
|o 813.52 FIT
|p 3010022998
|r 2026-05-18
|s 2025-10-16
|t 9
|w 2011-06-01
|y BK
|x Available
|
| 952 |
|
|
|0 0
|1 0
|4 0
|6 813_520000000000000_FIT
|7 0
|9 17017
|a BRACUL
|b BRACUL
|c GEN
|d 2011-06-01
|e Karim International
|g 540.00
|l 11
|m 141
|o 813.52 FIT
|p 3010022999
|r 2026-01-07
|s 2025-09-10
|t 10
|w 2011-06-01
|y BK
|x Available
|
| 952 |
|
|
|0 0
|1 0
|4 0
|6 813_520000000000000_FIT
|7 0
|9 17018
|a BRACUL
|b BRACUL
|c GEN
|d 2011-06-01
|e Karim International
|g 540.00
|l 10
|m 43
|o 813.52 FIT
|p 3010023000
|q 2026-06-02
|r 2026-05-18
|s 2026-05-18
|t 11
|w 2011-06-01
|y BK
|x Available
|
| 952 |
|
|
|0 0
|1 0
|4 0
|6 813_520000000000000_FIT
|7 0
|9 17019
|a BRACUL
|b BRACUL
|c GEN
|d 2011-06-01
|e Karim International
|g 540.00
|l 3
|m 19
|o 813.52 FIT
|p 3010023001
|r 2020-03-09
|s 2019-11-30
|t 12
|w 2011-06-01
|y BK
|x Available
|
| 952 |
|
|
|0 0
|1 0
|4 0
|6 813_520000000000000_FIT
|7 0
|9 17020
|a BRACUL
|b BRACUL
|c GEN
|d 2011-06-01
|e Karim International
|g 540.00
|l 11
|m 59
|o 813.52 FIT
|p 3010023002
|q 2026-06-02
|r 2026-05-17
|s 2026-05-17
|t 13
|w 2011-06-01
|y BK
|x Available
|
| 952 |
|
|
|0 0
|1 0
|4 0
|6 813_520000000000000_FIT
|7 0
|9 17021
|a BRACUL
|b BRACUL
|c GEN
|d 2011-06-01
|e Karim International
|g 540.00
|l 8
|m 19
|o 813.52 FIT
|p 3010023003
|r 2024-06-30
|s 2024-06-04
|t 14
|w 2011-06-01
|y BK
|x Available
|
| 952 |
|
|
|0 0
|1 0
|4 0
|6 813_520000000000000_FIT
|7 0
|9 17022
|a BRACUL
|b BRACUL
|c GEN
|d 2011-06-01
|e Karim International
|g 540.00
|l 7
|m 33
|o 813.52 FIT
|p 3010023004
|r 2019-07-27
|s 2019-07-09
|t 15
|w 2011-06-01
|y BK
|x Available
|
| 952 |
|
|
|0 0
|1 0
|4 0
|6 813_520000000000000_FIT
|7 0
|9 17023
|a BRACUL
|b BRACUL
|c GEN
|d 2011-06-01
|e Karim International
|g 540.00
|l 6
|m 12
|o 813.52 FIT
|p 3010023005
|q 2026-06-02
|r 2026-05-03
|s 2026-05-03
|t 16
|w 2011-06-01
|y BK
|x Available
|
| 952 |
|
|
|0 0
|1 0
|4 0
|6 813_520000000000000_FIT
|7 0
|9 17024
|a BRACUL
|b BRACUL
|c GEN
|d 2011-06-01
|e Karim International
|g 540.00
|l 9
|m 42
|o 813.52 FIT
|p 3010023006
|r 2024-09-17
|s 2024-09-12
|t 17
|w 2011-06-01
|y BK
|x Available
|
| 952 |
|
|
|0 0
|1 4
|4 0
|6 813_520000000000000_FIT
|7 0
|9 17025
|a BRACUL
|b BRACUL
|c GEN
|d 2011-06-01
|e Karim International
|g 540.00
|l 6
|m 44
|o 813.52 FIT
|p 3010023007
|r 2017-03-12
|s 2017-01-22
|t 18
|w 2011-06-01
|y BK
|x Koha Inventory 2020
|
| 952 |
|
|
|0 0
|1 0
|4 0
|6 813_520000000000000_FIT
|7 0
|9 17026
|a BRACUL
|b BRACUL
|c GEN
|d 2011-06-01
|e Karim International
|g 540.00
|l 10
|m 77
|o 813.52 FIT
|p 3010023008
|r 2023-11-07
|s 2023-10-18
|t 19
|w 2011-06-01
|y BK
|x Available
|